| 000 | 00758 a2200193 4500 | ||
|---|---|---|---|
| 001 | 54237 | ||
| 005 | 20260407155813.0 | ||
| 008 | 260407a1965 arg spa d | ||
| 003 | AR-UNSa-BCEJYS | ||
| 040 |
_aAR-UNSa-BCEJYS _bspa _cAR-UNSa-BCEJYS |
||
| 080 |
_a336.741.28 _xTeorías monetarias |
||
| 245 | 1 | 0 | _aEvolución reciente de la teoría monetaria |
| 264 | 1 |
_aBuenos Aires : _bEditorial del Instituto _c1965 |
|
| 300 |
_a54 p. _c19 cm. |
||
| 505 | _a1. Introducción – 2. El papel del dinero en la economía – 3. La propensión al consumo – 4. La propensión a invertir – 5. La demanda de dinero – 6. La oferta de dinero – 7. Política monetaria | ||
| 942 | _cBK | ||
| 590 | _aniveau_biblio:m niveau_hierar:0 | ||
| 100 | 1 | _aJohnson, Harry G. | |
| 999 |
_c5408 _d5408 |
||